MARC
| LEADER | 00000 a a2200000 04500 | ||
|---|---|---|---|
| 001 | 35459 | ||
| 003 | |||
| 040 | |||
| 020 | |a 9978-04-545-7 | ||
| 090 | |a 0007 H632c | ||
| 100 | |a Hidalgo, Mauro | ||
| 245 | |a Ciudadanias emergentes: experiencias democráticas de desarrollo local / |c Mauro Hidalgo | ||
| 260 | |a Quito: |b Abya-Yala | ||
| 300 | |a 207 p. | ||
| 650 | |a PARTICIPACION SOCIAL | ||
| 650 | |a MOVIMIENTOS SOCIALES | ||
| 650 | |a ECUADOR | ||
| 700 | |a Guerrero, Fernando |a Larrea, Ana M. |a Larrea, Fernando |a Muñoz, Juan P. |a Ortiz, Santiago |a Tola, Betty |a Torres D., Víctor H. |a Unda Mario | ||
| 999 | |c 12682 |d 12682 | ||



